Fluid Mechanics. (Record no. 6595)

MARC details
000 -LEADER
fixed length control field 00401nam a2200145 a 4500
020 ## - INTERNATIONAL STANDARD BOOK NUMBER
ISBN 8183600212 (paperback)
020 ## - INTERNATIONAL STANDARD BOOK NUMBER
ISBN 9788183600217 (paperback)
100 1# - MAIN ENTRY--AUTHOR NAME
Personal name Jain, A K
245 00 - TITLE STATEMENT
Title Fluid Mechanics.
260 ## - PUBLICATION, DISTRIBUTION, ETC. (IMPRINT)
Place of publication [S.l.] :
Name of publisher Jain Brothers,
300 ## - PHYSICAL DESCRIPTION
Number of Pages 1031 v. (unpaged)
650 ## - SUBJECT ADDED ENTRY--TOPICAL TERM
Topical Term Fluid Mechanics
856 40 - ELECTRONIC LOCATION AND ACCESS
Uniform Resource Identifier http://www.amazon.com/exec/obidos/ASIN/8183600212/chopaconline-20
942 ## - ADDED ENTRY ELEMENTS (KOHA)
Koha item type Books
Holdings
Withdrawn status Lost status Collection code Home library Current library Date acquired Cost, normal purchase price Full call number Accession Number Koha item type
    Reference Central Library, QUEST, Nawabshah Central Library, QUEST, Nawabshah 14/06/2014 726.00 627JAI 43562 Books
      Central Library, QUEST, Nawabshah Central Library, QUEST, Nawabshah 13/07/2014   627JAI 24388 Books
      Central Library, QUEST, Nawabshah Central Library, QUEST, Nawabshah 20/08/2014 310.00 627JAI 19162 Books
      Central Library, QUEST, Nawabshah Central Library, QUEST, Nawabshah 20/08/2014 310.00 627JAI 19163 Books
      Central Library, QUEST, Nawabshah Central Library, QUEST, Nawabshah 20/08/2014 310.00 627JAI 19165 Books
      Central Library, QUEST, Nawabshah Central Library, QUEST, Nawabshah 23/09/2014 150.00 627JAI 14797 Books
      Seminar Library, Mechanical Engg. Seminar Library, Mechanical Engg. 20/08/2014 310.00 627JAI 19164 Books